Longarm and town-taming Tess / (Record no. 1023)

MARC details
000 -LEADER
fixed length control field 00995cam a22002893a 4500
005 - DATE AND TIME OF LATEST TRANSACTION
control field 20260322212043.0
008 - FIXED-LENGTH DATA ELEMENTS--GENERAL INFORMATION
fixed length control field data
010 ## - LIBRARY OF CONGRESS CONTROL NUMBER
LC control number 2003612006
020 ## - INTERNATIONAL STANDARD BOOK NUMBER
International Standard Book Number 0515135852
020 ## - INTERNATIONAL STANDARD BOOK NUMBER
International Standard Book Number 9780515135855
040 ## - CATALOGING SOURCE
Original cataloging agency ZAB
Transcribing agency ZAB
Modifying agency DLC
042 ## - AUTHENTICATION CODE
Authentication code lccopycat
050 00 - LIBRARY OF CONGRESS CALL NUMBER
Classification number CPB Box no. 2080 vol. 5
099 ## - LOCAL FREE-TEXT CALL NUMBER (OCLC)
Classification number EVANST
001 - CONTROL NUMBER
control field data
100 1# - MAIN ENTRY--PERSONAL NAME
Personal name Evans, Tabor.
245 10 - TITLE STATEMENT
Title Longarm and town-taming Tess /
Statement of responsibility, etc. Tabor Evans & Copyright Paperback Collection (Library of Congress).
250 ## - EDITION STATEMENT
Edition statement Jove ed.
260 ## - PUBLICATION, DISTRIBUTION, ETC.
Place of publication, distribution, etc. New York :
Name of publisher, distributor, etc. Jove Books,
Date of publication, distribution, etc. 2003.
300 ## - PHYSICAL DESCRIPTION
Extent 185 p. ;
Dimensions 18 cm.
490 0# - SERIES STATEMENT
Series statement Longarm ;
Volume/sequential designation 297
650 #0 - SUBJECT ADDED ENTRY--TOPICAL TERM
Topical term or geographic name entry element Longarm (Fictitious character)
Form subdivision Fiction.
655 #7 - INDEX TERM--GENRE/FORM
Genre/form data or focus term Western stories.
Source of term gsafd
710 2# - ADDED ENTRY--CORPORATE NAME
Corporate name or jurisdiction name as entry element Copyright Paperback Collection (Library of Congress)
Institution to which field applies DLC
856 42 - ELECTRONIC LOCATION AND ACCESS
Materials specified Contributor biographical information
Uniform Resource Identifier <a href="http://www.loc.gov/catdir/enhancements/fy0719/2003612006-b.html">http://www.loc.gov/catdir/enhancements/fy0719/2003612006-b.html</a>
856 42 - ELECTRONIC LOCATION AND ACCESS
Materials specified Publisher description
Uniform Resource Identifier <a href="http://www.loc.gov/catdir/enhancements/fy0719/2003612006-d.html">http://www.loc.gov/catdir/enhancements/fy0719/2003612006-d.html</a>
Holdings
Withdrawn status Lost status Damaged status Not for loan Home library Current library Shelving location Date acquired Total checkouts Full call number Barcode Date last seen Price effective from Koha item type
        Union Union General stacks 22/03/2026   CPB Box no. 2080 vol. 5 BC0011057 22/03/2026 22/03/2026 Books